Terrorism : (Record no. 21562)

MARC details
000 -LEADER
fixed length control field 01552cam a22002775a 4500
001 - CONTROL NUMBER
control field 17216392
005 - DATE AND TIME OF LATEST TRANSACTION
control field 20160403143153.0
008 - FIXED-LENGTH DATA ELEMENTS--GENERAL INFORMATION
fixed length control field 120319s2011 enka frb 001 0 eng d
010 ## - LIBRARY OF CONGRESS CONTROL NUMBER
LC control number 2012357011
020 ## - INTERNATIONAL STANDARD BOOK NUMBER
International Standard Book Number 9780199603947 (acid-free paper)
040 ## - CATALOGING SOURCE
Original cataloging agency DLC
Language of cataloging eng
Transcribing agency DLC
Modifying agency EG-ScBUE
082 04 - DEWEY DECIMAL CLASSIFICATION NUMBER
Classification number 303.625
Item number TOW
Edition number 22
100 1# - MAIN ENTRY--PERSONAL NAME
Personal name Townshend, Charles.
9 (RLIN) 39748
245 10 - TITLE STATEMENT
Title Terrorism :
Remainder of title a very short introduction /
Statement of responsibility, etc Charles Townshend.
250 ## - EDITION STATEMENT
Edition statement Fully updated new ed.
260 ## - PUBLICATION, DISTRIBUTION, ETC. (IMPRINT)
Place of publication, distribution, etc Oxford ;
-- New York :
Name of publisher, distributor, etc Oxford University Press,
Date of publication, distribution, etc 2011.
300 ## - PHYSICAL DESCRIPTION
Extent xii, 161 p. :
Other physical details ill. ;
Dimensions 18 cm.
490 0# - Series Statement
Series statement Very short introductions ;
Volume/sequential designation 78
500 ## - GENERAL NOTE
General note Index : p. 155-161.
504 ## - BIBLIOGRAPHY, ETC. NOTE
Bibliography, etc Bibliography : p. 145-154.
520 ## - SUMMARY, ETC.
Summary, etc This book charts a path through the outpouring of efforts to understand and explain modern terrorism, by asking what makes terrorism different from other forms of political, military action; what makes it effective; and what can be done about it. It unravels complex central questions such as whether terrorists are criminals, whether terrorism is a kind of war, what kind of threat terrorism represents, how far media publicity sustains terrorism, and whether democracy is especially vulnerable to terrorist attack. It examines the historical, ideological, and local roots of terrorist violence, and the success of specific terrorist and anti-terrorist campaigns in the more distant as well as the recent past.
650 #7 - SUBJECT ADDED ENTRY--TOPICAL TERM
Topical term or geographic name as entry element Terrorism.
Source of heading or term BUEsh
9 (RLIN) 39744
651 ## - SUBJECT ADDED ENTRY--GEOGRAPHIC NAME
Source of heading or term BUEsh
653 ## - INDEX TERM--UNCONTROLLED
Resource For college
Arrived date list March2016
942 ## - ADDED ENTRY ELEMENTS (KOHA)
Source of classification or shelving scheme Dewey Decimal Classification
Holdings
Withdrawn status Item status Source of classification or shelving scheme Damaged status Not for loan Vendor Home library Current library Shelving location Date acquired Source of acquisition Cost, normal purchase price Serial Enumeration / chronology Total Checkouts Total Renewals Full call number Barcode Date last seen Date last borrowed Cost, replacement price Koha item type
    Dewey Decimal Classification       Central Library Central Library First floor 03/04/2016 Purchase 84.00 229 2 8 303.625 TOW 000032247 15/07/2025 03/11/2018 105.00 Book - Borrowing